000 00749nas a2200265 4500
001 BR9202488
003 BR-BrBNA
005 20231205092513.0
007 ta
008 230509b bl.|||p| |||| 00| 00por d
040 _aBR-BrBNA
_bpor
_cBiblioteca Nacional de Agricultura
041 _a(Pt)
072 _aJ13
100 1 _aNeves, L. de C.
245 1 _aEstocagem e distribuicao frigorificadas
650 _aCARNE
650 _aESTOCAGEM
650 _aARMAZENAMENTO DE ALIMENTO
650 _aTRANSPORTE RODOVIARIO
650 _aEMBALAGEM
650 _aACONDICIONAMENTO
773 0 _tRevista Nacional da Carne (Brazil)
_x
_g(Jan 1992), v. 16(179) p. 14-26
_wBR9202488
909 _a202311
_bLúcia
_c55
_dLúcia Elande
942 _2AGRIS
_n0
_cANA
999 _c132191
_d132191